Informatik-Fachberichte. Herausgegeben von W. Brauer im Auftrag der Gesellschaft für Informatik (GI) Vol. 85 : Simulationstechnik 2. Symposium Simulationstechnik Wien, 25.-27. September 1984 Proceedings

Na minha lista:
Detalhes bibliográficos
Formato: Livro
Idioma:inglês
Publicado em: Berlín : Springer Verlag, 1984
Tags: Adicionar Tag
Sem tags, seja o primeiro a adicionar uma tag!

MARC

LEADER 00000nam a22000003a 4500
001 stu265454
005 20150408182901.7
008 130415s--------gw------------------eng-d
020 |a 3-540-13393-3 
040 |a STU  |b slo 
041 0 |a eng 
044 |a gw 
245 |a Informatik-Fachberichte. Herausgegeben von W. Brauer im Auftrag der Gesellschaft für Informatik (GI) Vol. 85 :  |b Simulationstechnik 2. Symposium Simulationstechnik Wien, 25.-27. September 1984 Proceedings 
260 |a Berlín :  |b Springer Verlag,  |c 1984 
300 |a 676 s 
996 |b I3001  |l II680  |s A  |a 24  |w stu265454_0001